000 00669nam a2200229 a 4500
001 BRCA_5330
005 20190320205033.0
008 031210s1947----nyua######---#000-0#eng-#
041 _aeng
044 _anyu
050 4 _aND237
_b.L48 1947
100 1 _aLevy, Julien
_913671
245 1 0 _aEugene Berman
_cedited and with an introduction by Julien Levy.
260 _aNueva York
_bAmerican Studio Books
_c[1947]
300 _a12 p.
_bil. (algunas a color), 101 láminas
_c31 cm.
500 _aIncluye índice de ilustraciones
500 _aE99
600 1 4 _aBerman, Eugene
_d1899-1972
_913672
650 1 4 _aPintores rusos
_913673
902 _aGFM
942 _2lcc
_cB
999 _c5024
_d5024